[Event "Pan American-ch U18 24th"]
[Site "Pocos de Caldas"]
[Date "2013.07.30"]
[Round "8.7"]
[White "Apuril, Jose"]
[Black "Jain, Shaurya R"]
[Result "1/2-1/2"]
[WhiteElo "2010"]
[BlackElo "1875"]
[PlyCount "91"]
[EventDate "2013.07.25"]
[EventType "swiss"]
[EventRounds "9"]
[EventCountry "BRA"]
[SourceTitle "EXT 2016"]
[Source "ChessBase"]
[SourceDate "2015.10.08"]
[SourceVersion "1"]
[SourceVersionDate "2015.10.08"]
[SourceQuality "1"]

1. d4 Nf6 2. Nf3 g6 3. Bf4 Bg7 4. e3 d6 5. Be2 Nh5 6. Bg5 h6 7. Bh4 g5 8. Bg3 e6 9. Nbd2 Nd7 10. c3 Qe7 11. e4 a6 12. Nc4 b6 13. Ne3 Bb7 14. Qc2 0-0 15. 0-0-0 c5 16. d5 Nxg3 17. hxg3 b5 18. Ng4 e5 19. Nxh6+ Bxh6 20. Rxh6 Kg7 21. Rh5 f6 22. Rdh1 Rh8 23. Qd1 c4 24. Ne1 Nc5 25. Bg4 Rxh5 26. Rxh5 Bc8 27. Bxc8 Rxc8 28. Qg4 Rh8 29. Rxh8 Kxh8 30. f3 Qc7 31. Nc2 Nd3+ 32. Kd2 Qc5 33. Ne3 b4 34. Qe6 Nxb2 35. Qxf6+ Kg8 36. Qxg5+ Kf8 37. Kc2 bxc3 38. Nf5 Qf2+ 39. Kb1 Qf1+ 40. Qc1 Qd3+ 41. Ka1 Qd2 42. Qh1 Kg8 43. Ne7+ Kg7 44. Nf5+ Kg8 45. Ne7+ Kf8 46. Nf5 1/2-1/2

[Event "Foz do Iguacu op 3rd"]
[Site "Foz do Iguacu"]
[Date "2013.06.01"]
[Round "3"]
[White "Oliveira, Fernando Ventura"]
[Black "Apuril, Jose"]
[Result "0-1"]
[WhiteElo "2058"]
[BlackElo "1961"]
[PlyCount "76"]
[EventDate "2013.05.31"]
[EventType "swiss"]
[EventRounds "6"]
[EventCountry "BRA"]
[SourceTitle "CBM 154 Extra"]
[Source "ChessBase"]
[SourceDate "2013.06.25"]
[SourceVersion "2"]
[SourceVersionDate "2013.06.25"]
[SourceQuality "1"]

1. d4 Nf6 2. c4 g6 3. Nc3 d5 4. Bf4 Bg7 5. Nf3 c6 6. e3 0-0 7. h3 Nbd7 8. cxd5 Qb6 9. dxc6 Qxb2 10. Qc1 Qxc1+ 11. Rxc1 bxc6 12. Bd3 Re8 13. Ne4 Nd5 14. Bh2 Nb4 15. Bc4 Nb6 16. a3 Be6 17. Be2 Bf5 18. axb4 Bxe4 19. 0-0 Bd5 20. Nd2 e5 21. e4 exd4 22. Bf3 Be6 23. Rxc6 Bh6 24. Rd1 Bd7 25. e5 Rad8 26. b5 Bxd2 27. Rxd2 Bxc6 28. Bxc6 Re6 29. Kf1 Nc4 30. Ra2 d3 31. Ke1 Nxe5 32. Bxe5 Rxe5+ 33. Kd1 Rc5 34. Kd2 a6 35. Be4 Rxb5 36. Bxd3 Rb3 37. Rxa6 Rbxd3+ 38. Ke2 R8d6 0-1

[Event "South America-ch U20"]
[Site "Asuncion"]
[Date "2013.05.18"]
[Round "2"]
[White "Aguero Centurio, Abel Alejandro"]
[Black "Apuril, Jose"]
[Result "0-1"]
[WhiteElo "1652"]
[BlackElo "1961"]
[PlyCount "65"]
[EventDate "2013.05.17"]
[EventType "swiss"]
[EventRounds "9"]
[EventCountry "PAR"]
[SourceTitle "CBM 154 Extra"]
[Source "ChessBase"]
[SourceDate "2013.06.25"]
[SourceVersion "2"]
[SourceVersionDate "2013.06.25"]
[SourceQuality "1"]

1. d4 d6 2. Nf3 Nd7 3. e3 g6 4. b3 Bg7 5. Bb2 Ngf6 6. c4 c6 7. Be2 0-0 8. 0-0 Re8 9. Na3 e5 10. dxe5 Ne4 11. Qc2 Nxe5 12. Bxe5 Bxe5 13. Nxe5 Rxe5 14. Bf3 Bf5 15. Rfd1 Qh4 16. Bxe4 Bxe4 17. Rd4 Rh5 18. h3 Bxc2 19. Rxh4 Rxh4 20. Nxc2 Re4 21. f3 Re5 22. Rd1 f5 23. Kf2 Rd8 24. Nd4 Rde8 25. Nc2 f4 26. e4 d5 27. Rd4 dxe4 28. Rxe4 Rxe4 29. fxe4 Rxe4 30. b4 g5 31. Kf3 Re5 32. a3 Kf7 33. Kf2 0-1

[Event "PAR-ch Mayor"]
[Site "Asuncion"]
[Date "2012.05.27"]
[Round "9.5"]
[White "Latorre Lopez Moreira, Luis Matias"]
[Black "Apuril, Jose"]
[Result "0-1"]
[WhiteElo "2235"]
[BlackElo "1886"]
[PlyCount "64"]
[EventDate "2012.05.04"]
[EventType "swiss"]
[EventRounds "9"]
[EventCountry "PAR"]
[SourceTitle "EXT 2023"]
[Source "ChessBase"]
[SourceDate "2022.10.05"]
[SourceVersion "1"]
[SourceVersionDate "2022.10.05"]
[SourceQuality "1"]

1. g3 Nf6 2. Bg2 g6 3. e4 d6 4. d4 c5 5. dxc5 Qa5+ 6. Nc3 Qxc5 7. Be3 Qc7 8. Qd2 a6 9. Nge2 Nbd7 10. Nf4 e6 11. h3 Ne5 12. b3 b5 13. Nd3 Bb7 14. f4 Ned7 15. 0-0-0 Rc8 16. Bd4 e5 17. Nd5 Nxd5 18. exd5 exd4 19. Rhe1+ Be7 20. Nb4 Kf8 21. Nc6 Bf6 22. g4 Bxc6 23. dxc6 Nb8 24. g5 Bg7 25. Qe2 Nxc6 26. Bxc6 Qxc6 27. Qe7+ Kg8 28. Re2 Qc3 29. Qd7 h6 30. f5 d3 31. Rxd3 Qb2+ 32. Kd1 Qb1+ 0-1

[Event "PAR-ch Mayor"]
[Site "Asuncion"]
[Date "2012.05.05"]
[Round "1.5"]
[White "Peralta, Eduardo"]
[Black "Apuril, Jose"]
[Result "1-0"]
[WhiteElo "2245"]
[BlackElo "1886"]
[PlyCount "67"]
[EventDate "2012.05.04"]
[EventType "swiss"]
[EventRounds "9"]
[EventCountry "PAR"]
[SourceTitle "EXT 2023"]
[Source "ChessBase"]
[SourceDate "2022.10.05"]
[SourceVersion "1"]
[SourceVersionDate "2022.10.05"]
[SourceQuality "1"]

1. e4 c5 2. Nf3 d6 3. Bc4 Bg4 4. Bxf7+ Kxf7 5. Ng5+ Ke8 6. Qxg4 Nh6 7. Qe2 Nc6 8. c3 e5 9. d3 Qd7 10. 0-0 Kd8 11. a4 Kc7 12. Na3 Rd8 13. Nf3 Be7 14. Be3 Rdf8 15. b4 g5 16. Nc4 Qg4 17. bxc5 dxc5 18. Rab1 Qe6 19. Rb5 Nf7 20. Bxc5 g4 21. Nfd2 Bxc5 22. Rxc5 Qe7 23. d4 b6 24. Ne3 Qd7 25. Rc4 exd4 26. cxd4 Kb7 27. Nb3 Nd6 28. d5 Ne5 29. Rc3 Nxe4 30. Rc2 Qxa4 31. Ra1 Qxa1+ 32. Nxa1 Rxf2 33. Qb5 Rxc2 34. Naxc2 1-0

[Event "Asuncion Preclasificatorio Mayor"]
[Site "Asuncion"]
[Date "2011.07.16"]
[Round "4"]
[White "Barrientos, Ernesto"]
[Black "Apuril, Jose"]
[Result "0-1"]
[WhiteElo "1959"]
[BlackElo "1855"]
[PlyCount "84"]
[EventDate "2011.07.02"]
[EventType "swiss"]
[EventRounds "7"]
[EventCountry "PAR"]
[SourceTitle "EXT 2023"]
[Source "ChessBase"]
[SourceDate "2022.10.05"]
[SourceVersion "1"]
[SourceVersionDate "2022.10.05"]
[SourceQuality "1"]

1. e4 c5 2. Nf3 e6 3. d4 cxd4 4. Nxd4 a6 5. Bd3 Nf6 6. Be3 Qc7 7. 0-0 Be7 8. Nc3 b5 9. a3 h5 10. h3 Bb7 11. f4 d6 12. Qe2 Nbd7 13. Kh1 Nc5 14. Bg1 Nfd7 15. Rad1 Nxd3 16. cxd3 Bf6 17. Rc1 Qa5 18. b4 Qd8 19. Nf3 e5 20. fxe5 Nxe5 21. d4 Nc4 22. e5 dxe5 23. dxe5 Bxf3 24. Rxf3 Bxe5 25. Rf5 f6 26. Rxh5 Rxh5 27. Qxh5+ Kf8 28. Rd1 Qe8 29. Qh8+ Kf7 30. Qh5+ Kf8 31. Qf3 Rd8 32. Nd5 Rd7 33. Qg4 Bd6 34. Nf4 Ne5 35. Qf5 Kf7 36. Re1 Re7 37. Nd5 Re6 38. Rd1 g6 39. Qf2 Bb8 40. Qh4 Kg7 41. Bd4 g5 42. Qg4 Nxg4 0-1

[Event "Asuncion Preclasificatorio Mayor"]
[Site "Asuncion"]
[Date "2011.07.02"]
[Round "1"]
[White "Apuril, Jose"]
[Black "Osorio, Martin"]
[Result "1-0"]
[WhiteElo "1855"]
[BlackElo "1484"]
[PlyCount "73"]
[EventDate "2011.07.02"]
[EventType "swiss"]
[EventRounds "7"]
[EventCountry "PAR"]
[SourceTitle "EXT 2023"]
[Source "ChessBase"]
[SourceDate "2022.10.05"]
[SourceVersion "1"]
[SourceVersionDate "2022.10.05"]
[SourceQuality "1"]

1. d4 Nf6 2. c4 g6 3. Nc3 Bg7 4. Nf3 d6 5. e3 0-0 6. Be2 b6 7. 0-0 Bb7 8. b4 Nbd7 9. Rb1 c5 10. bxc5 dxc5 11. Ba3 Ne4 12. Nxe4 Bxe4 13. Bd3 Bxf3 14. Qxf3 Ne5 15. Qe2 Nxd3 16. Qxd3 Qd7 17. d5 Qd6 18. Bb2 Bxb2 19. Rxb2 e5 20. a4 Rab8 21. f4 f6 22. h4 Rfe8 23. h5 e4 24. Qd1 f5 25. g4 Re7 26. Rg2 Rg7 27. Rff2 Rbb7 28. Qa1 Qf8 29. Qe5 Rbe7 30. Qc3 Rd7 31. gxf5 gxf5 32. Qe5 h6 33. Qe6+ Kh8 34. Qxh6+ Kg8 35. Qe6+ Kh7 36. Rg6 Rxg6+ 37. hxg6+ 1-0

[Event "Asuncion YM"]
[Site "Asuncion"]
[Date "2011.03.18"]
[Round "7"]
[White "Apuril, Jose"]
[Black "Chang, Suzana"]
[Result "1-0"]
[WhiteElo "1836"]
[BlackElo "2014"]
[PlyCount "127"]
[EventDate "2011.03.10"]
[EventType "swiss"]
[EventRounds "7"]
[EventCountry "PAR"]
[SourceTitle "CBM 141 Extra"]
[Source "ChessBase"]
[SourceDate "2011.05.03"]
[SourceVersion "1"]
[SourceVersionDate "2011.05.03"]
[SourceQuality "1"]

1. d4 Nf6 2. c4 e6 3. Nc3 Bb4 4. e3 b6 5. Nf3 Bb7 6. Bd3 Ne4 7. Qc2 f5 8. a3 Bxc3+ 9. bxc3 0-0 10. 0-0 Nc6 11. Nd2 Nxd2 12. Bxd2 Qh4 13. f3 d6 14. e4 f4 15. Be1 Qh6 16. Qe2 e5 17. d5 Na5 18. g4 Qh3 19. Rf2 Rf6 20. Qa2 Ba6 21. Bf1 Qh6 22. Rg2 Qg6 23. Rb1 Qf7 24. h4 Qe8 25. Rd2 Kh8 26. Bf2 Rc8 27. Rc2 Rf7 28. c5 Bxf1 29. Kxf1 dxc5 30. c4 Qa4 31. Be1 Nb7 32. Rcc1 Nd6 33. Rb2 Rd8 34. Rbc2 Rfd7 35. h5 Nf7 36. Bh4 Rc8 37. Qb2 c6 38. h6 cxd5 39. hxg7+ Kxg7 40. exd5 b5 41. Re2 Kg8 42. Bf6 bxc4 43. Rxe5 Qb3 44. Qxb3 cxb3 45. Rxc5 Rb8 46. Rb5 Rdd8 47. Rxb8 Rxb8 48. Re2 a5 49. a4 h6 50. Ke1 Rb6 51. Bc3 Rb7 52. Kd1 Ng5 53. Rh2 Kf7 54. Kc1 Kg6 55. Kb2 Nf7 56. Re2 Kg5 57. Re6 Rd7 58. Bf6+ Kg6 59. Be7+ Kg7 60. d6 Rb7 61. Bf6+ Kf8 62. Re7 Rb6 63. d7 Rxf6 64. Rxf7+ 1-0

[Event "Asuncion YM"]
[Site "Asuncion"]
[Date "2011.03.16"]
[Round "5"]
[White "Apuril, Jose"]
[Black "Riva, Eric"]
[Result "1-0"]
[WhiteElo "1836"]
[BlackElo "1687"]
[PlyCount "63"]
[EventDate "2011.03.10"]
[EventType "swiss"]
[EventRounds "7"]
[EventCountry "PAR"]
[SourceTitle "CBM 141 Extra"]
[Source "ChessBase"]
[SourceDate "2011.05.03"]
[SourceVersion "1"]
[SourceVersionDate "2011.05.03"]
[SourceQuality "1"]

1. d4 Nf6 2. Nf3 g6 3. c4 Bg7 4. Nc3 0-0 5. Bf4 d6 6. h3 Nbd7 7. e3 Re8 8. Bh2 b6 9. Be2 Bb7 10. b4 e5 11. d5 h6 12. Rc1 Nh7 13. Na4 Qe7 14. 0-0 f5 15. Qc2 Bf8 16. g4 Qf6 17. gxf5 gxf5 18. Kh1 Be7 19. Bg3 Kh8 20. Bh4 Ng5 21. e4 f4 22. Nh2 Bc8 23. Bg4 Nf8 24. Qe2 Qg6 25. Bxg5 Qxg5 26. Rg1 Qf6 27. c5 f3 28. Bxf3 Bd7 29. c6 Bxh3 30. Bh5 Red8 31. Rg3 Qh4 32. Qf3 1-0

[Event "Asuncion Prieto Memorial op"]
[Site "Asuncion"]
[Date "2011.01.07"]
[Round "2"]
[White "Apuril, Jose"]
[Black "Coronel, Dario"]
[Result "0-1"]
[WhiteElo "1845"]
[BlackElo "1982"]
[PlyCount "72"]
[EventDate "2011.01.06"]
[EventType "swiss"]
[EventRounds "9"]
[EventCountry "PAR"]
[SourceTitle "EXT 2012"]
[Source "ChessBase"]
[SourceDate "2011.11.24"]
[SourceVersion "1"]
[SourceVersionDate "2011.11.24"]
[SourceQuality "1"]

1. d4 Nf6 2. c4 c5 3. d5 b5 4. cxb5 a6 5. b6 g6 6. Nc3 d6 7. e4 Nbd7 8. f4 Qxb6 9. Nf3 Bg7 10. Nd2 0-0 11. Nc4 Qc7 12. Be2 Nb6 13. Ne3 c4 14. 0-0 e6 15. dxe6 fxe6 16. f5 Qc5 17. Kh1 gxf5 18. exf5 d5 19. Ng4 Nxg4 20. Bxg4 exf5 21. Bf3 Bb7 22. Ne2 Be5 23. Qd2 Qd6 24. Nd4 Qf6 25. Nc2 Qh4 26. g3 Qe7 27. a4 Rad8 28. a5 Nc8 29. Ne3 Qc5 30. Nd1 Nd6 31. Qg5+ Bg7 32. b4 cxb3 33. Bb2 d4 34. Rc1 Bxf3+ 35. Kg1 Qd5 36. Rxf3 Qxf3 0-1

[Event "Asuncion Preclasificatorio Mayor"]
[Site "Asuncion"]
[Date "2010.05.05"]
[Round "9"]
[White "Apuril, Jose"]
[Black "Florentin, Damaso"]
[Result "1/2-1/2"]
[WhiteElo "1860"]
[BlackElo "1782"]
[PlyCount "80"]
[EventDate "2010.04.05"]
[EventType "swiss"]
[EventRounds "9"]
[EventCountry "PAR"]
[SourceTitle "EXT 2023"]
[Source "ChessBase"]
[SourceDate "2022.10.05"]
[SourceVersion "1"]
[SourceVersionDate "2022.10.05"]
[SourceQuality "1"]

1. e4 e5 2. Nf3 Nc6 3. d4 exd4 4. Nxd4 Nf6 5. Nc3 Bb4 6. Nxc6 bxc6 7. Bg5 h6 8. Bh4 g5 9. Bg3 Qe7 10. f3 d5 11. Be2 0-0 12. 0-0 Bxc3 13. bxc3 dxe4 14. Qd4 Re8 15. fxe4 Nh7 16. e5 Be6 17. Bd3 Rad8 18. Qe4 Nf8 19. c4 c5 20. Rf6 Kg7 21. h4 Rd4 22. Qe3 Bxc4 23. Bxc4 Rxc4 24. Raf1 Ne6 25. Rxf7+ Qxf7 26. Rxf7+ Kxf7 27. Qd3 Rd4 28. Qf5+ Ke7 29. Qf6+ Kd7 30. Qxh6 gxh4 31. Bxh4 Rg8 32. Qh5 Rxg2+ 33. Kf1 Nf4 34. Qf7+ Kc6 35. Be1 Re2 36. Qe8+ Kb7 37. Qb5+ Kc8 38. Qxc5 Rd1 39. Qf8+ Kb7 40. Qb4+ Kc8 1/2-1/2

[Event "Asuncion Preclasificatorio Mayor"]
[Site "Asuncion"]
[Date "2010.04.20"]
[Round "3"]
[White "Apuril, Jose"]
[Black "Saldana, Fernando Javier"]
[Result "0-1"]
[WhiteElo "1860"]
[BlackElo "1833"]
[PlyCount "114"]
[EventDate "2010.04.05"]
[EventType "swiss"]
[EventRounds "9"]
[EventCountry "PAR"]
[SourceTitle "EXT 2023"]
[Source "ChessBase"]
[SourceDate "2022.10.05"]
[SourceVersion "1"]
[SourceVersionDate "2022.10.05"]
[SourceQuality "1"]

1. d4 d5 2. c4 e6 3. cxd5 exd5 4. Nc3 Nf6 5. Bg5 Be7 6. e3 0-0 7. Bd3 Nbd7 8. Nge2 Re8 9. 0-0 Nf8 10. Bh4 c6 11. f3 Qb6 12. Bf2 Qxb2 13. Rb1 Qa3 14. Re1 Qa5 15. Kh1 g6 16. Bg1 Ne6 17. e4 Qc7 18. Rc1 Qd8 19. f4 dxe4 20. Bxe4 Nxe4 21. Nxe4 Nc7 22. N2c3 Nd5 23. Qf3 Be6 24. Nc5 Bc8 25. N3e4 Bf8 26. Bf2 Bg7 27. g4 Nc7 28. f5 b6 29. f6 Bf8 30. Nd3 Bb7 31. Ne5 Qd5 32. Kg1 c5 33. Bg3 Ne6 34. Qf2 Nxd4 35. Rcd1 Rxe5 36. Bxe5 Qxe5 37. Re3 Rd8 38. Rde1 Qd5 39. h4 Qe6 40. Qg3 Qd5 41. Qf2 Qd7 42. Rg3 Ne6 43. Re2 Nd4 44. Re1 Re8 45. Qf4 Ne6 46. Qf2 c4 47. Kf1 Qc6 48. Rge3 b5 49. Rc1 a6 50. Ng3 Bc5 51. Rce1 Bxe3 52. Rxe3 Rd8 53. Re1 Qd5 54. Ne4 Qd3+ 55. Qe2 Qxe4 56. Qxe4 Bxe4 57. Rxe4 c3 0-1

[Event "Asuncion Preclasificatorio Mayor"]
[Site "Asuncion"]
[Date "2010.04.13"]
[Round "1"]
[White "Apuril, Jose"]
[Black "Gonzalez Gauto, Victor"]
[Result "1-0"]
[WhiteElo "1860"]
[BlackElo "1507"]
[PlyCount "77"]
[EventDate "2010.04.05"]
[EventType "swiss"]
[EventRounds "9"]
[EventCountry "PAR"]
[SourceTitle "EXT 2023"]
[Source "ChessBase"]
[SourceDate "2022.10.05"]
[SourceVersion "1"]
[SourceVersionDate "2022.10.05"]
[SourceQuality "1"]

1. d4 d5 2. Nf3 c6 3. Bf4 Nf6 4. h3 e6 5. e3 Nbd7 6. Bd3 c5 7. c4 cxd4 8. exd4 dxc4 9. Bxc4 Bb4+ 10. Nc3 Nb6 11. Bb5+ Bd7 12. 0-0 Bxc3 13. Bxd7+ Qxd7 14. bxc3 Nbd5 15. Qc1 b5 16. a4 Nxf4 17. Qxf4 0-0 18. Ne5 Qb7 19. axb5 Nd5 20. Qd2 f6 21. Nd3 Qxb5 22. Nc5 Qc6 23. Ra6 Nb6 24. Rfa1 Rf7 25. Qa2 Qd5 26. Rxb6 Raf8 27. Ra6 Qxa2 28. R1xa2 e5 29. Rxa7 Rxa7 30. Rxa7 exd4 31. cxd4 Rc8 32. Ne6 g5 33. d5 Rc1+ 34. Kh2 Rd1 35. Rg7+ Kh8 36. Rd7 Kg8 37. d6 Re1 38. Rg7+ Kh8 39. Re7 1-0